000 00533nam a2200193Ia 4500
005 20250326144301.0
008 250326s9999 xx 000 0 und d
037 _aTextbook
040 _aFMSL
_beng
_cFMSL
041 _aeng
_2eng
084 _aX:9 P6
_qFMSL
100 _aHunter I
_9741091
245 0 _aHR Business parners
_cHunter I And Others
260 _aLondon
_bLondon, Gower
_c2006
365 _b4057.3499999999999
650 _aHuman Resource Management
942 _cTB
_hX:9 P6
999 _c1303130
_d1303130